[Event "Mitropa Cup (Women)"]
[Site "Apolda"]
[Date "2024.02.22"]
[Round "8.18"]
[White "Shpanko, Nadiia"]
[Black "Klek, Hanna Marie"]
[Result "0-1"]
[WhiteElo "2179"]
[BlackElo "2279"]
[PlyCount "50"]
[EventDate "2024.02.15"]
[EventType "team-tourn"]
[EventRounds "9"]
[EventCountry "GER"]
[SourceTitle "CB09_2024"]
[SourceDate "2024.02.28"]
[SourceVersion "1"]
[SourceVersionDate "2024.02.28"]
[SourceQuality "1"]
[WhiteTeam "Slovenia (W)"]
[BlackTeam "Germany (W)"]
[WhiteTeamCountry "SLO"]
[BlackTeamCountry "GER"]

1. Nf3 d5 2. e3 Nf6 3. c4 e6 4. Nc3 c5 5. cxd5 exd5 6. d4 Nc6 7. Bb5 cxd4 8. Nxd4 Bd7 9. 0-0 Bd6 10. Nf3 Bg4 11. h3 Bh5 12. g4 Bg6 13. g5 Ne4 14. Qxd5 0-0 15. Bxc6 bxc6 16. Qd4 Qe7 17. h4 Rad8 18. Qc4 Qd7 19. Ne1 Qh3 20. f4 Ng3 21. Ng2 Bb4 22. Qxb4 Qh1+ 23. Kf2 Nxf1 24. b3 Nh2 25. f5 Bh5 0-1

[Event "Mitropa Cup (Women)"]
[Site "Apolda"]
[Date "2024.02.20"]
[Round "6.14"]
[White "Shpanko, Nadiia"]
[Black "Berke, Ana"]
[Result "1/2-1/2"]
[WhiteElo "2179"]
[BlackElo "2075"]
[PlyCount "113"]
[EventDate "2024.02.15"]
[EventType "team-tourn"]
[EventRounds "9"]
[EventCountry "GER"]
[SourceTitle "CB09_2024"]
[SourceDate "2024.02.28"]
[SourceVersion "1"]
[SourceVersionDate "2024.02.28"]
[SourceQuality "1"]
[WhiteTeam "Slovenia (W)"]
[BlackTeam "Croatia (W)"]
[WhiteTeamCountry "SLO"]
[BlackTeamCountry "CRO"]

1. c4 e6 2. Nf3 d5 3. e3 Nf6 4. Nc3 Be7 5. d4 0-0 6. Bd3 b6 7. 0-0 Bb7 8. Qe2 Ne4 9. Nd2 f5 10. f3 Nxc3 11. bxc3 c5 12. Rb1 Nc6 13. Nb3 Qc7 14. Ba3 Bd6 15. f4 Nd8 16. Nd2 Rc8 17. h3 Ba6 18. cxd5 Bxd3 19. Qxd3 cxd4 20. cxd4 Bxa3 21. Qxa3 Qc3 22. Qxc3 Rxc3 23. dxe6 Nxe6 24. Rfe1 Rfc8 25. Nb3 Nc7 26. a4 Nd5 27. a5 Rxe3 28. axb6 axb6 29. Rxe3 Nxe3 30. Re1 Rc3 31. Nd2 Rd3 32. Nf3 Rd1 33. Kf2 Rxe1 34. Nxe1 Nd5 35. Kf3 h5 36. g4 fxg4+ 37. hxg4 h4 38. Nd3 b5 39. g5 b4 40. Kg4 b3 41. Kxh4 Nxf4 42. Nb2 Kf7 43. Kg4 Ne2 44. d5 Nc3 45. d6 Ke6 46. d7 Kxd7 47. Kf5 Ke7 48. Ke5 Kf7 49. Kd4 Ne2+ 50. Kd3 Nc1+ 51. Kd2 Na2 52. Nd3 Kg6 53. Nc5 b2 54. Kc2 Kxg5 55. Ne6+ Kf6 56. Nxg7 Kxg7 57. Kxb2 1/2-1/2

[Event "Mitropa Cup (Women)"]
[Site "Apolda"]
[Date "2024.02.16"]
[Round "2.10"]
[White "Shpanko, Nadiia"]
[Black "Zimina, Olga"]
[Result "1/2-1/2"]
[WhiteElo "2179"]
[BlackElo "2291"]
[PlyCount "60"]
[EventDate "2024.02.15"]
[EventType "team-tourn"]
[EventRounds "9"]
[EventCountry "GER"]
[SourceTitle "CB09_2024"]
[SourceDate "2024.02.28"]
[SourceVersion "1"]
[SourceVersionDate "2024.02.28"]
[SourceQuality "1"]
[WhiteTeam "Slovenia (W)"]
[BlackTeam "Italy (W)"]
[WhiteTeamCountry "SLO"]
[BlackTeamCountry "ITA"]

1. c4 c6 2. Nf3 d5 3. e3 Nf6 4. Nc3 a6 5. Be2 Bg4 6. Qb3 Ra7 7. h3 Bxf3 8. Bxf3 e6 9. 0-0 Nbd7 10. d4 Bd6 11. cxd5 exd5 12. e4 dxe4 13. Nxe4 Nxe4 14. Bxe4 Nf6 15. Bf3 0-0 16. Bg5 h6 17. Bd2 Qd7 18. Rad1 Raa8 19. Ba5 Nd5 20. Bxd5 cxd5 21. Bb4 Bxb4 22. Qxb4 Qb5 23. Qd2 Rfe8 24. Rfe1 Rxe1+ 25. Rxe1 Re8 26. b3 Rxe1+ 27. Qxe1 Qc6 28. Qe3 b5 29. b4 Kf8 30. a3 Kg8 1/2-1/2

[Event "EU-chT (Women) 24th"]
[Site "Budva"]
[Date "2023.11.20"]
[Round "9.6"]
[White "Pavlidou, Ekaterini"]
[Black "Shpanko, Nadiia"]
[Result "1-0"]
[WhiteElo "2143"]
[BlackElo "2177"]
[PlyCount "111"]
[EventDate "2023.11.11"]
[EventType "team-swiss"]
[EventRounds "9"]
[EventCountry "MNE"]
[SourceTitle "CB47_2023"]
[SourceDate "2023.11.22"]
[SourceVersion "1"]
[SourceVersionDate "2023.11.22"]
[SourceQuality "1"]
[WhiteTeam "Greece (W)"]
[BlackTeam "Slovenia (W)"]
[WhiteTeamCountry "GRE"]
[BlackTeamCountry "SLO"]

1. d4 d5 2. c4 e6 3. Nc3 Nf6 4. cxd5 exd5 5. Bg5 c6 6. e3 h6 7. Bh4 Be7 8. Bd3 0-0 9. f3 Re8 10. Nge2 b5 11. Bf2 Nbd7 12. 0-0 a5 13. Ng3 b4 14. Nce2 c5 15. b3 Qb6 16. Rc1 Ba6 17. Nf5 Bf8 18. g4 g6 19. Nfg3 cxd4 20. exd4 Bxd3 21. Qxd3 Qa6 22. Qd2 a4 23. Rc2 Rec8 24. Rfc1 Rxc2 25. Qxc2 axb3 26. axb3 Nb6 27. Qd1 Ne8 28. Kg2 Nd6 29. Nf4 Nb5 30. Nd3 Nc3 31. Qd2 Qa2 32. Qf4 Nd7 33. Ne5 Nxe5 34. dxe5 Ne2 35. Nxe2 Qxe2 36. Re1 Qc2 37. e6 fxe6 38. Rc1 g5 39. Qxf8+ Kxf8 40. Rxc2 Ra3 41. Rb2 Ra5 42. Bd4 Ke7 43. Be5 Ra1 44. Kf2 Kd7 45. Ke3 Re1+ 46. Kd4 Rf1 47. Kc5 Rxf3 48. Ra2 d4 49. Ra7+ Ke8 50. Kd6 Rxb3 51. Kxe6 Ra3 52. Rh7 Ra6+ 53. Bd6 Rxd6+ 54. Kxd6 d3 55. Ke6 Kf8 56. Rd7 1-0

[Event "EU-chT (Women) 24th"]
[Site "Budva"]
[Date "2023.11.17"]
[Round "6.3"]
[White "Shpanko, Nadiia"]
[Black "Terbe, Julianna"]
[Result "1/2-1/2"]
[WhiteElo "2177"]
[BlackElo "2269"]
[PlyCount "57"]
[EventDate "2023.11.11"]
[EventType "team-swiss"]
[EventRounds "9"]
[EventCountry "MNE"]
[SourceTitle "CB47_2023"]
[SourceDate "2023.11.22"]
[SourceVersion "1"]
[SourceVersionDate "2023.11.22"]
[SourceQuality "1"]
[WhiteTeam "Slovenia (W)"]
[BlackTeam "Hungary (W)"]
[WhiteTeamCountry "SLO"]
[BlackTeamCountry "HUN"]

1. c4 c6 2. Nf3 d5 3. e3 Nf6 4. Nc3 Bg4 5. Qb3 Qb6 6. Qxb6 axb6 7. cxd5 Nxd5 8. Nxd5 cxd5 9. Ne5 Be6 10. Bb5+ Kd8 11. d4 f6 12. Nd3 Bd7 13. Bxd7 Kxd7 14. Bd2 Nc6 15. Ke2 e6 16. Rhc1 Bd6 17. a3 h5 18. h3 g5 19. Rc2 h4 20. Rac1 Rhg8 21. Bb4 Bb8 22. Rh1 Bc7 23. Rhc1 Rg7 24. Bd2 Bd6 25. Bb4 Bb8 26. Bd2 Bd6 27. Bb4 Bb8 28. Bd2 Bd6 29. Bb4 1/2-1/2

[Event "EU-chT (Women) 24th"]
[Site "Budva"]
[Date "2023.11.15"]
[Round "5.3"]
[White "Van Foreest, Machteld"]
[Black "Shpanko, Nadiia"]
[Result "1/2-1/2"]
[WhiteElo "2308"]
[BlackElo "2177"]
[PlyCount "110"]
[EventDate "2023.11.11"]
[EventType "team-swiss"]
[EventRounds "9"]
[EventCountry "MNE"]
[SourceTitle "CB47_2023"]
[SourceDate "2023.11.22"]
[SourceVersion "1"]
[SourceVersionDate "2023.11.22"]
[SourceQuality "1"]
[WhiteTeam "Netherlands (W)"]
[BlackTeam "Slovenia (W)"]
[WhiteTeamCountry "NED"]
[BlackTeamCountry "SLO"]

1. e4 c6 2. d4 d5 3. Nd2 dxe4 4. Nxe4 Nf6 5. Nxf6+ exf6 6. c3 Bd6 7. Bd3 0-0 8. Ne2 Re8 9. Qc2 h5 10. 0-0 Qc7 11. h3 c5 12. dxc5 Qxc5 13. Be3 Qc7 14. Rfe1 Rd8 15. Nd4 Bd7 16. Rad1 a6 17. Qb3 Bc5 18. Bg6 Rf8 19. Bxh5 Bxd4 20. Bxd4 Qa5 21. Bf3 Bc6 22. Be4 Bxe4 23. Rxe4 Nc6 24. Qc2 Nxd4 25. Rexd4 Qxa2 26. Rh4 g6 27. Rd6 Qa5 28. Rxf6 Qg5 29. Rhf4 Kg7 30. Qe4 Qxf6 31. Rxf6 Kxf6 32. Qxb7 Kg7 33. c4 Kg8 34. c5 Rab8 35. Qxa6 Rxb2 36. c6 Rc2 37. Kh2 Rd8 38. Qa4 Rc5 39. Qa6 Rd6 40. Qa8+ Kg7 41. Qa1+ Kg8 42. h4 Rdxc6 43. g4 Rc2 44. Kg3 R6c3+ 45. f3 Rb3 46. Kf4 Rc4+ 47. Kg5 Kh7 48. f4 Rb5+ 49. f5 gxf5 50. gxf5 Rcc5 51. Qf6 Rxf5+ 52. Qxf5+ Rxf5+ 53. Kxf5 Kh6 54. Kf6 Kh5 55. Kxf7 Kxh4 1/2-1/2

[Event "SLO-chT (Women)"]
[Site "Radenci"]
[Date "2023.05.14"]
[Round "5.1"]
[White "Shpanko, Nadiia"]
[Black "Maltsevskaya, Aleksandra"]
[Result "1-0"]
[WhiteElo "2162"]
[BlackElo "2390"]
[PlyCount "99"]
[EventDate "2023.05.11"]
[EventType "team-tourn"]
[EventRounds "5"]
[EventCountry "SLO"]
[SourceTitle "CBM 214 Extra"]
[Source "ChessBase"]
[SourceDate "2023.07.31"]
[SourceVersion "1"]
[SourceVersionDate "2023.07.31"]
[SourceQuality "1"]
[WhiteTeam "Maribor Poligram (W)"]
[BlackTeam "Ljubljana Tajfun (W)"]
[WhiteTeamCountry "SLO"]
[BlackTeamCountry "SLO"]

1. d4 Nf6 2. c4 g6 3. Nc3 Bg7 4. e4 d6 5. h3 0-0 6. Be3 c6 7. g4 a6 8. Nge2 b5 9. Ng3 bxc4 10. g5 Nfd7 11. Bxc4 d5 12. Be2 Bb7 13. Qb3 Nb6 14. Na4 N8d7 15. Nc5 Rb8 16. Nxb7 Rxb7 17. e5 Rb8 18. Qc2 c5 19. dxc5 Nc4 20. Bxc4 dxc4 21. f4 Nxc5 22. Bxc5 Qa5+ 23. Qc3 Qxc5 24. 0-0-0 f6 25. Ne4 Qc6 26. Nxf6+ exf6 27. exf6 Rxf6 28. gxf6 Bxf6 29. Qc2 c3 30. b3 a5 31. Qe2 Kg7 32. Rh2 Qc5 33. Rd7+ Kh6 34. Rg2 Qa3+ 35. Kd1 Qb2 36. Qe4 c2+ 37. Qxc2 Qa1+ 38. Qc1 a4 39. Qxa1 Bxa1 40. Rc2 Rf8 41. Rc4 axb3 42. axb3 Bf6 43. Rcc7 g5 44. f5 g4 45. hxg4 Kg5 46. Rc4 h5 47. gxh5 Kxh5 48. b4 Ra8 49. b5 Ra1+ 50. Rc1 1-0

[Event "EU-ch (Women) 23rd"]
[Site "Petrovac"]
[Date "2023.03.28"]
[Round "10"]
[White "Fataliyeva, Ulviyya Hasil Qizi"]
[Black "Shpanko, Nadiia"]
[Result "1-0"]
[WhiteElo "2427"]
[BlackElo "2164"]
[PlyCount "103"]
[EventDate "2023.03.18"]
[EventType "swiss"]
[EventRounds "11"]
[EventCountry "MNE"]
[SourceTitle "CBM 213 Extra"]
[Source "ChessBase"]
[SourceDate "2023.05.31"]
[SourceVersion "1"]
[SourceVersionDate "2023.05.31"]
[SourceQuality "1"]

1. Nf3 d5 2. g3 c5 3. b3 Nc6 4. Bb2 d4 5. Bg2 e5 6. 0-0 Be7 7. e3 e4 8. Ne1 Nf6 9. d3 dxe3 10. fxe3 0-0 11. Qd2 Be6 12. c4 exd3 13. Nxd3 Qd7 14. Nf4 Qxd2 15. Nxd2 Nb4 16. Nxe6 fxe6 17. Bh3 e5 18. Bxe5 Rad8 19. Nf3 Ne4 20. Bc7 Rde8 21. Bd7 Bf6 22. Bxe8 Bxa1 23. Bd7 Bc3 24. a3 Nc2 25. Be6+ Kh8 26. Bd5 Nxe3 27. Bxe4 Nxf1 28. Kxf1 Re8 29. Bd5 Re3 30. Bf4 Re7 31. Bd6 Rd7 32. Bxc5 b6 33. Bd4 Bxd4 34. Nxd4 g5 35. Nf3 h6 36. Ne5 Rc7 37. Nc6 Kg7 38. Ke2 h5 39. b4 h4 40. gxh4 gxh4 41. Kd3 Kf6 42. c5 h3 43. Kc4 Rg7 44. Nd4 bxc5 45. bxc5 Rg4 46. c6 Ke5 47. c7 Rxd4+ 48. Kb3 Kxd5 49. c8Q Rd3+ 50. Kb2 Rd2+ 51. Kc3 Rg2 52. Qxh3 1-0

[Event "EU-ch (Women) 23rd"]
[Site "Petrovac"]
[Date "2023.03.25"]
[Round "7"]
[White "Kobak, Polina"]
[Black "Shpanko, Nadiia"]
[Result "1/2-1/2"]
[WhiteElo "1815"]
[BlackElo "2164"]
[PlyCount "105"]
[EventDate "2023.03.18"]
[EventType "swiss"]
[EventRounds "11"]
[EventCountry "MNE"]
[SourceTitle "CBM 213 Extra"]
[Source "ChessBase"]
[SourceDate "2023.05.31"]
[SourceVersion "1"]
[SourceVersionDate "2023.05.31"]
[SourceQuality "1"]

1. d4 Nf6 2. c4 e6 3. Nf3 d5 4. g3 Bb4+ 5. Bd2 Be7 6. Bg2 0-0 7. 0-0 c6 8. Qc2 Nbd7 9. Bf4 b6 10. Rd1 Ba6 11. b3 Rc8 12. Nc3 Nh5 13. Bc1 Qc7 14. Bb2 dxc4 15. Nd2 cxb3 16. axb3 Nb8 17. e4 Nf6 18. Ra2 Rcd8 19. Nf3 Qc8 20. Qb1 c5 21. Rc1 Qd7 22. d5 exd5 23. Ne5 Qd6 24. Nxd5 Nxd5 25. exd5 Bf6 26. f4 Rfe8 27. Qa1 b5 28. Nc6 Bxb2 29. Qxb2 Rd7 30. Qa1 Bb7 31. Ne5 Rc7 32. Rxa7 f6 33. Nc6 Nxc6 34. dxc6 Bxc6 35. Rxc7 Qxc7 36. Rxc5 Qb6 37. b4 Bxg2 38. Qa2+ Kf8 39. Kxg2 Qb7+ 40. Qd5 Re2+ 41. Kh3 Qxd5 42. Rxd5 Rb2 43. Rxb5 g6 44. Rb8+ Kg7 45. Rb7+ Kg8 46. g4 g5 47. f5 Rb3+ 48. Kg2 Rb2+ 49. Kg3 Rb3+ 50. Kf2 Rb2+ 51. Kg3 Rb3+ 52. Kf2 Rb2+ 53. Kg3 1/2-1/2

[Event "EU-ch (Women) 23rd"]
[Site "Petrovac"]
[Date "2023.03.22"]
[Round "5"]
[White "Maione, Melissa"]
[Black "Shpanko, Nadiia"]
[Result "0-1"]
[WhiteElo "2028"]
[BlackElo "2164"]
[PlyCount "84"]
[EventDate "2023.03.18"]
[EventType "swiss"]
[EventRounds "11"]
[EventCountry "MNE"]
[SourceTitle "CBM 213 Extra"]
[Source "ChessBase"]
[SourceDate "2023.05.31"]
[SourceVersion "1"]
[SourceVersionDate "2023.05.31"]
[SourceQuality "1"]

1. e4 c6 2. d4 d5 3. e5 c5 4. Nf3 cxd4 5. Nxd4 e6 6. Bd3 Nc6 7. Nxc6 bxc6 8. 0-0 Qb6 9. Qe2 Ne7 10. b3 Ng6 11. Re1 a5 12. Nc3 Bb4 13. Bd2 Qd4 14. Bxg6 hxg6 15. Qe3 Qxe3 16. fxe3 Rh5 17. a3 Be7 18. Na4 Bd8 19. Bc3 Bc7 20. e4 Ba6 21. exd5 cxd5 22. Nc5 Bb6 23. Bd4 Bxc5 24. Bxc5 Rc8 25. b4 Kd7 26. c3 a4 27. Bd4 Rch8 28. h3 Rg5 29. Re3 Rf5 30. Rae1 Kc6 31. Bc5 g5 32. Rg3 Kd7 33. Rge3 Bb5 34. Bd4 Rh6 35. g4 Rf4 36. Kg2 Rh8 37. Kg3 Bf1 38. Kh2 f5 39. exf6 gxf6 40. Kg1 Bxh3 41. Rxe6 Rxg4+ 42. Kf2 Rf4+ 0-1

[Event "EU-ch (Women) 23rd"]
[Site "Petrovac"]
[Date "2023.03.21"]
[Round "4"]
[White "Shpanko, Nadiia"]
[Black "Ismayil, Malak"]
[Result "1/2-1/2"]
[WhiteElo "2164"]
[BlackElo "2011"]
[PlyCount "99"]
[EventDate "2023.03.18"]
[EventType "swiss"]
[EventRounds "11"]
[EventCountry "MNE"]
[SourceTitle "CBM 213 Extra"]
[Source "ChessBase"]
[SourceDate "2023.05.31"]
[SourceVersion "1"]
[SourceVersionDate "2023.05.31"]
[SourceQuality "1"]

1. d4 Nf6 2. c4 e6 3. Nc3 d5 4. e3 Bb4 5. a3 Bxc3+ 6. bxc3 c5 7. Nf3 Nbd7 8. cxd5 exd5 9. Bd3 Qa5 10. Bb2 cxd4 11. Nxd4 0-0 12. 0-0 Ne5 13. Be2 Bg4 14. f3 Bd7 15. Qb3 Rfe8 16. Rfe1 Rac8 17. Rac1 a6 18. Qb4 Qc7 19. a4 a5 20. Qa3 Nc4 21. Bxc4 Qxc4 22. Ra1 h5 23. Nb3 b6 24. Nd4 h4 25. Qd6 Qc7 26. Qxc7 Rxc7 27. Kf2 Rc4 28. Ra3 Bxa4 29. Nf5 Re6 30. e4 Bd7 31. e5 Nh5 32. g3 hxg3+ 33. hxg3 a4 34. Bc1 g6 35. Ne3 Rc5 36. f4 b5 37. Rd1 Bc6 38. Nc2 Re8 39. Be3 Rc4 40. Nb4 Rc8 41. Nxc6 R4xc6 42. Rxd5 Rxc3 43. Rxc3 Rxc3 44. Rxb5 Ng7 45. Rb8+ Kh7 46. g4 a3 47. Ra8 Rc2+ 48. Kf3 a2 49. Ke4 Re2 50. Kf3 1/2-1/2

[Event "EU-ch (Women) 23rd"]
[Site "Petrovac"]
[Date "2023.03.18"]
[Round "1"]
[White "Arabidze, Meri"]
[Black "Shpanko, Nadiia"]
[Result "1/2-1/2"]
[WhiteElo "2433"]
[BlackElo "2164"]
[PlyCount "92"]
[EventDate "2023.03.18"]
[EventType "swiss"]
[EventRounds "11"]
[EventCountry "MNE"]
[SourceTitle "CBM 213 Extra"]
[Source "ChessBase"]
[SourceDate "2023.05.31"]
[SourceVersion "1"]
[SourceVersionDate "2023.05.31"]
[SourceQuality "1"]

1. d4 d5 2. c4 e6 3. Nc3 Nf6 4. Nf3 a6 5. cxd5 exd5 6. Bg5 Be6 7. Bxf6 Qxf6 8. Qb3 Ra7 9. g3 Qd8 10. Bg2 c6 11. 0-0 Nd7 12. Rad1 Be7 13. Rfe1 0-0 14. a3 a5 15. Qc2 b5 16. e4 b4 17. axb4 axb4 18. exd5 cxd5 19. Ne2 Rc7 20. Qb3 Bd6 21. Nc1 Rc4 22. Ne5 Bxe5 23. dxe5 d4 24. Qf3 Qc7 25. Nd3 Rd8 26. Nf4 Nc5 27. Nxe6 Nxe6 28. Bf1 Rc5 29. Qf5 g6 30. Qf6 Rc2 31. b3 Rc3 32. Bh3 Rc6 33. Qh4 d3 34. Bxe6 Rxe6 35. Qxb4 Rxe5 36. Rxe5 Qxe5 37. Qd2 Qd5 38. b4 Qb3 39. Kg2 Kg7 40. h4 Rd4 41. Qe3 Qd5+ 42. Qf3 Qxf3+ 43. Kxf3 Rxb4 44. Rxd3 h5 45. Kg2 Re4 46. Kf3 Rb4 1/2-1/2

[Event "SLO-chT 32nd"]
[Site "Ljubljana"]
[Date "2022.10.28"]
[Round "7.5"]
[White "Shpanko, Nadiia"]
[Black "Acimovic, Sergej"]
[Result "1-0"]
[WhiteElo "2102"]
[BlackElo "2114"]
[PlyCount "109"]
[EventDate "2022.09.02"]
[EventType "team-tourn"]
[EventRounds "9"]
[EventCountry "SLO"]
[SourceTitle "EXT 2024"]
[Source "ChessBase"]
[SourceDate "2023.10.10"]
[SourceVersion "1"]
[SourceVersionDate "2023.10.10"]
[SourceQuality "1"]
[WhiteTeam "Trebnje BMP"]
[BlackTeam "Kocevje"]
[WhiteTeamCountry "SLO"]
[BlackTeamCountry "SVK"]

1. d4 Nf6 2. c4 g6 3. Nc3 Bg7 4. e4 0-0 5. Be2 d6 6. h3 c5 7. Nf3 cxd4 8. Nxd4 Nc6 9. Be3 a6 10. 0-0 Bd7 11. Re1 Rc8 12. Qd2 Re8 13. Rac1 Qa5 14. Nb3 Qd8 15. f3 Na5 16. Nd5 Nxb3 17. axb3 Nxd5 18. exd5 e5 19. Qb4 Qh4 20. Bf2 Qg5 21. h4 Qe7 22. Qxb7 Bh6 23. Ra1 Rb8 24. Qa7 Rxb3 25. Rxa6 Bd2 26. Rd1 Rxb2 27. c5 Bb4 28. Rxd6 Rxe2 29. Qxd7 Qf8 30. Rb1 Bc3 31. Kf1 Rc2 32. Qa4 Rd2 33. Rdb6 Rd8 34. Qc4 Bd4 35. Be1 Qh6 36. Bxd2 Qxd2 37. Qe2 Qf4 38. Rb8 Rxb8 39. Rxb8+ Kg7 40. Rb1 Qxh4 41. Qc2 Qh1+ 42. Ke2 Qxg2+ 43. Kd3 Qxf3+ 44. Kc4 Qa3 45. Rb6 h5 46. c6 Qe7 47. Kb3 Qc7 48. Qc4 Qc8 49. c7 Qh3+ 50. Ka4 Qh1 51. c8Q Qa1+ 52. Kb4 Qe1+ 53. Ka3 Qa1+ 54. Qa2 Qf1 55. Qcc4 1-0

[Event "Titled Tuesday intern op 13th Sep Late"]
[Site "Chess.com INT"]
[Date "2022.09.13"]
[Round "10"]
[White "Escartin Lacasa, Jose"]
[Black "Shpanko, Nadiia"]
[Result "1/2-1/2"]
[WhiteElo "2277"]
[BlackElo "2102"]
[PlyCount "72"]
[EventDate "2022.09.13"]
[EventType "swiss (blitz)"]
[EventRounds "11"]
[EventCountry "USA"]
[SourceTitle "EXT 2023"]
[Source "ChessBase"]
[SourceDate "2022.10.05"]
[SourceVersion "1"]
[SourceVersionDate "2022.10.05"]
[SourceQuality "1"]

1. d4 g6 2. Nf3 Nf6 3. c4 Bg7 4. Nc3 d6 5. e4 0-0 6. Be3 Nbd7 7. Nd2 c5 8. d5 a6 9. a4 Ne8 10. g4 Ne5 11. Be2 f5 12. gxf5 gxf5 13. f4 Ng4 14. Bxg4 fxg4 15. 0-0 e6 16. dxe6 Qh4 17. f5 g3 18. Nf3 gxh2+ 19. Kh1 Qg3 20. Qe2 Nf6 21. Qxh2 Qg4 22. Qf4 Qh3+ 23. Nh2 Bxe6 24. fxe6 Nd5 25. Nxd5 Rxf4 26. Rxf4 Be5 27. Rg1+ Kh8 28. Rf2 Bxh2 29. Rxh2 Qf3+ 30. Rhg2 Qxe4 31. Bd2 Qh4+ 32. Rh2 Qe4+ 33. Rgg2 Qb1+ 34. Rg1 Qe4+ 35. Rhg2 Qh4+ 36. Rh2 Qe4+ 1/2-1/2

[Event "Titled Tuesday intern op 13th Sep Late"]
[Site "Chess.com INT"]
[Date "2022.09.13"]
[Round "1"]
[White "Keymer, Vincent"]
[Black "Shpanko, Nadiia"]
[Result "1-0"]
[WhiteElo "2693"]
[BlackElo "2102"]
[PlyCount "105"]
[EventDate "2022.09.13"]
[EventType "swiss (blitz)"]
[EventRounds "11"]
[EventCountry "USA"]
[SourceTitle "EXT 2023"]
[Source "ChessBase"]
[SourceDate "2022.10.05"]
[SourceVersion "1"]
[SourceVersionDate "2022.10.05"]
[SourceQuality "1"]

1. Nf3 Nf6 2. c4 c6 3. Nc3 d5 4. e3 Bg4 5. Qb3 Qb6 6. Ne5 Bc8 7. cxd5 Qxb3 8. axb3 Nxd5 9. Bc4 e6 10. d4 Nd7 11. Nf3 Bb4 12. Bd2 a5 13. 0-0 0-0 14. Nxd5 exd5 15. Bxb4 axb4 16. Rxa8 dxc4 17. bxc4 Nb6 18. Raa1 Nxc4 19. b3 Nd6 20. Nd2 Be6 21. Ra4 Nb5 22. Rxb4 f5 23. Ra1 f4 24. e4 Rd8 25. Nf3 Bg4 26. Ne5 Be6 27. d5 Bd7 28. h4 Be8 29. Rba4 cxd5 30. Ra8 Rxa8 31. Rxa8 Kf8 32. exd5 Ke7 33. Rb8 Nd6 34. Nc4 Bf7 35. Nxd6 Kxd6 36. Rxb7 Bxd5 37. Rxg7 Bxb3 38. Rxh7 Ke5 39. Rh5+ Kf6 40. Rg5 Be6 41. g3 fxg3 42. fxg3 Bf5 43. Kf2 Bg6 44. Ke3 Bf5 45. Kf4 Be6 46. h5 Bf7 47. g4 Ke7 48. h6 Kf8 49. Rg7 Be6 50. g5 Bg8 51. Ke5 Bh7 52. Kf6 Bg6 53. Kxg6 1-0

[Event "Titled Tuesday intern op 13th Sep Late"]
[Site "Chess.com INT"]
[Date "2022.09.13"]
[Round "3"]
[White "Paravyan, David"]
[Black "Shpanko, Nadiia"]
[Result "1/2-1/2"]
[WhiteElo "2592"]
[BlackElo "2102"]
[PlyCount "158"]
[EventDate "2022.09.13"]
[EventType "swiss (blitz)"]
[EventRounds "11"]
[EventCountry "USA"]
[SourceTitle "EXT 2023"]
[Source "ChessBase"]
[SourceDate "2022.10.05"]
[SourceVersion "1"]
[SourceVersionDate "2022.10.05"]
[SourceQuality "1"]

1. e4 g6 2. d4 Nf6 3. e5 Nh5 4. Be2 d6 5. Nf3 dxe5 6. Nxe5 Nf6 7. 0-0 Bg7 8. Re1 0-0 9. c3 Nbd7 10. Nxd7 Bxd7 11. Nd2 c6 12. Nc4 Nd5 13. Bf1 Qc7 14. Qf3 Bf5 15. h3 Rad8 16. Bd2 b5 17. Ne3 Nxe3 18. Bxe3 e5 19. dxe5 Bxe5 20. Bg5 Rd7 21. Rad1 Bg7 22. a3 a5 23. h4 Qb7 24. h5 b4 25. axb4 axb4 26. cxb4 Bxb2 27. h6 Qxb4 28. Qxc6 Rxd1 29. Rxd1 Qg4 30. Rd2 Qxg5 31. Rxb2 Qxh6 32. Qd6 Qg7 33. Rb8 h5 34. g3 Rxb8 35. Qxb8+ Qf8 36. Qe5 Be6 37. Bd3 Qg7 38. Qb8+ Kh7 39. Qb5 Qa1+ 40. Kh2 Qf6 41. Qxh5+ Kg7 42. Qc5 Bg4 43. Qe3 Bf3 44. Kg1 Qa1+ 45. Bf1 Bb7 46. Qd3 Bc8 47. Kh2 Qf6 48. Qe3 Be6 49. Bg2 Qf5 50. f4 Qh5+ 51. Kg1 Qd1+ 52. Kh2 Qh5+ 53. Kg1 Qd1+ 54. Bf1 Qg4 55. Kf2 Qf5 56. Qd4+ Qf6 57. Qb4 Bd5 58. Be2 Bc6 59. Qc5 Bd7 60. Qc7 Be6 61. Qa7 Qc3 62. Qb6 Kf6 63. Qd8+ Kg7 64. Qd6 Qf6 65. Ke3 Qf5 66. Qd4+ Qf6 67. Qb4 Qa1 68. Kf2 Qf6 69. Bf3 g5 70. fxg5 Qxg5 71. Qd4+ Qf6 72. Qb4 Qg6 73. Qf4 Qf6 74. Qb4 Qg6 75. Qd4+ Qf6 76. Qe4 Qg6 77. Qe5+ Qf6 78. Qe4 Qg6 79. Qd4+ Qf6 1/2-1/2

[Event "Titled Tuesday intern op 13th Sep Late"]
[Site "Chess.com INT"]
[Date "2022.09.13"]
[Round "11"]
[White "Shpanko, Nadiia"]
[Black "Colivet Gamboa, Julio Cesar"]
[Result "1-0"]
[WhiteElo "2102"]
[BlackElo "1844"]
[PlyCount "115"]
[EventDate "2022.09.13"]
[EventType "swiss (blitz)"]
[EventRounds "11"]
[EventCountry "USA"]
[SourceTitle "EXT 2023"]
[Source "ChessBase"]
[SourceDate "2022.10.05"]
[SourceVersion "1"]
[SourceVersionDate "2022.10.05"]
[SourceQuality "1"]

1. Nf3 c5 2. g3 Nc6 3. Bg2 g6 4. 0-0 Bg7 5. c3 e5 6. d3 Nge7 7. e4 0-0 8. Be3 d6 9. d4 cxd4 10. cxd4 Bg4 11. d5 Na5 12. Nbd2 f5 13. h3 Bxf3 14. Bxf3 f4 15. b4 fxe3 16. fxe3 Qb6 17. bxa5 Qxe3+ 18. Kg2 Rac8 19. Rb1 Bh6 20. Rf2 b6 21. axb6 axb6 22. Rb3 Rc3 23. Nc4 Qd4 24. Rxc3 Qxc3 25. Nxd6 Be3 26. Rf1 Qa3 27. Qe2 Bd4 28. Nc4 Qa6 29. Bg4 Rxf1 30. Kxf1 Qb5 31. Be6+ Kg7 32. d6 Nc6 33. d7 Nd8 34. Qg4 h5 35. Qg5 Nxe6 36. Qe7+ Kh6 37. Qxe6 Qb1+ 38. Ke2 Qc2+ 39. Nd2 Bc3 40. d8Q Bxd2 41. Qxd2+ Qxd2+ 42. Kxd2 h4 43. g4 Kg5 44. Qe7+ Kf4 45. Qf6+ Kg3 46. Qxg6 Kxh3 47. Qh5 b5 48. Qxe5 b4 49. Qb5 b3 50. axb3 Kg3 51. Qh5 Kg2 52. Qxh4 Kg1 53. g5 Kg2 54. g6 Kg1 55. g7 Kf1 56. Qf4+ Kg2 57. g8Q+ Kh3 58. Qh6# 1-0

[Event "SLO-chT 32nd"]
[Site "Ljubljana"]
[Date "2022.09.10"]
[Round "5.5"]
[White "Shpanko, Nadiia"]
[Black "Hercog, Nusa"]
[Result "1/2-1/2"]
[WhiteElo "2102"]
[BlackElo "2019"]
[PlyCount "53"]
[EventDate "2022.09.02"]
[EventType "team-tourn"]
[EventRounds "9"]
[EventCountry "SLO"]
[SourceTitle "EXT 2023"]
[Source "ChessBase"]
[SourceDate "2022.10.05"]
[SourceVersion "1"]
[SourceVersionDate "2022.10.05"]
[SourceQuality "1"]
[WhiteTeam "Trebnje BMP"]
[BlackTeam "Celje"]
[WhiteTeamCountry "SLO"]
[BlackTeamCountry "SVK"]

1. e4 c6 2. Nf3 d5 3. Nc3 Bg4 4. h3 Bxf3 5. Qxf3 e6 6. Be2 Bc5 7. 0-0 Nd7 8. Qg3 Bd4 9. exd5 exd5 10. Bg4 Ne7 11. Ne2 Bf6 12. d4 0-0 13. Bf4 Ng6 14. Bc7 Qe8 15. Rae1 Bh4 16. Qh2 f5 17. Bxf5 Rxf5 18. Ng3 Qf7 19. Nxf5 Qxf5 20. Re2 Qf7 21. Bg3 Nf6 22. Bxh4 Nxh4 23. Qf4 Ng6 24. Qf5 Nh4 25. Qf4 Ng6 26. Qf5 Nh4 27. Qf4 1/2-1/2